Волчья ухмылка: Роман

Detalhes bibliográficos
Autor principal: Стрельцов И. З. Иван Захарович
Resumo:Исключено из фонда НТБ ТПУ
Idioma:russo
Publicado em: Москва, ЭКСМО, 2002
Colecção:Черная кошка
Formato: MixedMaterials Livro
KOHA link:https://koha.lib.tpu.ru/cgi-bin/koha/opac-detail.pl?biblionumber=48598

MARC

LEADER 00000nam0a2200000 4500
001 48598
005 20231031031928.0
010 |a 5699014454 
035 |a (RuTPU)RU\TPU\book\50899 
090 |a 48598 
100 |a 20030320d2002 m y0rusy50 ca 
101 0 |a rus 
102 |a RU 
105 |a y z 000ay 
200 1 |a Волчья ухмылка  |e Роман  |f И. З. Стрельцов 
210 |a Москва  |c ЭКСМО  |d 2002 
215 |a 416 с. 
225 1 |a Черная кошка 
333 |a Исключено из фонда НТБ ТПУ 
675 |a Р2  |v 3 
700 1 |a Стрельцов  |b И. З.  |g Иван Захарович 
801 1 |a RU  |b 63413507  |c 20030320  |g PSBO 
801 2 |a RU  |b 63413507  |c 20211217  |g PSBO 
942 |c BK